Tops Spotify dans le monde en 2023 - Statistiques

Statistiques générales
  • Ce quiz a été pris 102 fois
  • Le résultat moyen est 4 sur 30
Statistiques - réponses
Classement Artistes % Correct
1 Taylor Swift
72%
4 Drake
62%
3 The Weeknd
57%
7 Travis Scott
36%
9 Karol G
28%
2 Bad Bunny
23%
8 SZA
12%
2 Midnights
9%
1 Flowers
7%
2 Kill Bill
6%
7 Lover
6%
5 Peso Pluma
6%
4 Starboy
6%
3 As It Was
5%
6 Cruel Summer
5%
3 SOS
5%
10 Anti-Hero
4%
10 Lana Del Rey
4%
5 MAÑANA SERÁ BONITO
4%
1 Un Verano Sin Ti
4%
8 Calm Down
1%
7 Creepin
1%
6 Feid
1%
10 Harry's House
1%
8 HEROES & VILLAINS
1%
4 Seven
1%
5 Ella Baila Sola
0%
9 GÉNESIS
0%
6 One Thing At A Time
0%
9 Shakira : Bzrp Music Sessions, Vol. 53
0%
Aucun quiz correspondant
Distribution des résultats
% des personnes avec chaque résultat
Percentile par nombre de réponses
Votre historique - résultats
Vous n’avez pas pris ce quiz